| Record ID | ia:debuggingjavatro0000mitc |
| Source | Internet Archive |
| Download MARC XML | https://archive.org/download/debuggingjavatro0000mitc/debuggingjavatro0000mitc_marc.xml |
| Download MARC binary | https://www.archive.org/download/debuggingjavatro0000mitc/debuggingjavatro0000mitc_meta.mrc |
LEADER: 02676cam 2200589 a 4500
001 ocm44015282
003 OCoLC
005 20181129102405.0
008 001025s2000 caua 001 0 eng
010 $a 00710303
040 $aUKM$beng$cDLC$dUKM$dMIA$dGZM$dBAKER$dBTCTA$dYDXCP$dDEBBG$dCNCGM$dOCLCF$dOCLCO$dOCLCQ$dAPUMS$dOCLCO$dOCLCQ$dCNO$dOCLCO$dOCLCQ
015 $aGBA0Y0675$2bnb
019 $a48174275
020 $a0072125624
020 $a9780072125627
035 $a(OCoLC)44015282$z(OCoLC)48174275
042 $alccopycat
050 00 $aQA76.73.J38$bM586 2000
082 00 $a005.13/3$221
084 $aST 250 J35$2rvk
084 $aST 260$2rvk
084 $aST 250$2rvk
084 $aDAT 380f$2stub
084 $aDAT 362f$2stub
100 1 $aMitchell, Will David.
245 10 $aDebugging Java :$btroubleshooting for programmers /$cWill David Mitchell.
260 $aBerkeley, Calif. ;$aLondon :$bOsborne,$c℗♭2000.
300 $axviii, 461 pages :$billustrations ;$c24 cm
336 $atext$btxt$2rdacontent
337 $aunmediated$bn$2rdamedia
338 $avolume$bnc$2rdacarrier
500 $aIncludes index.
505 0 $apt. I. Begin with Bugproof Code. Ch. 1. You'll Never Catch'em All! Ch. 2. Prevent Java Bugs from Hatching. Ch. 3. Setting Java Bug Traps. Ch. 4. Never Miss Another Deadline! Risk-Factor Analysis. Ch. 5. Write to Shun Bugs -- pt. II. Removing Java Bugs. Ch. 6. Classes of Bugs. Ch. 7. Mental Disciplines. Ch. 8. The Awesome Power of Debuggers. Ch. 9. Debugging Stratagems. Ch. 10. Testing. Ch. 11. The Threaded Environment. Ch. 12. The One That Got Away -- pt. III. Performance. Ch. 13. Use of Best Testing Strategy -- App. A. Commercial Software -- App. B. Java Resources -- App. C. Twenty-One Laws of Computer Programming -- App. D. Java Glossary -- App. E. Word Macros.
650 0 $aJava (Computer program language)
650 0 $aDebugging in computer science.
650 7 $aDebugging in computer science.$2fast$0(OCoLC)fst00888884
650 7 $aJava (Computer program language)$2fast$0(OCoLC)fst00982065
650 7 $aDebugging$2gnd
650 7 $aJava$gProgrammiersprache$2gnd
650 07 $aDebugging.$2swd
650 07 $aJava (Programmiersprache)$2swd
938 $aBaker & Taylor$bBKTY$c39.99$d29.99$i0072125624$n0003509184$sactive
938 $aBaker and Taylor$bBTCP$n00710303
938 $aYBP Library Services$bYANK$n1656874
029 1 $aAU@$b000021499234
029 1 $aAU@$b000022081337
029 1 $aAU@$b000022157432
029 1 $aDEBBG$bBV013322487
029 1 $aNZ1$b5943212
029 1 $aYDXCP$b1656874
994 $aZ0$bP4A
948 $hNO HOLDINGS IN P4A - 140 OTHER HOLDINGS